Most Common U.S. City Names - Statistics

General Stats
  • This quiz has been taken 34 times
  • The average score is 3 of 9
Answer Stats
# of cities Name % Correct
41 Springfield
86%
88 Washington
71%
24 Madison
39%
35 Franklin
25%
26 Salem
18%
29 Clinton
14%
30 Greenville
14%
29 Bristol
7%
23 Georgetown
7%
No matching quizzes found
Score Distribution
Percent of People with Each Score
Percentile by Number Answered
Your Score History
You have not taken this quiz